000 01030nam a2200205 a 4500
001 14578
003 CO-ViMGA
008 141112s2004 ck r 000 u spa d
020 _a8448111559
040 _aCO-ViMGA
_bspa
_cCO-ViMGA
082 _a372.358 G653e - 1
100 1 _aSilva Rodríguez, L.; Gómez Olalla, L.A.; Jimenez Alvarez, J.; Almaraz Martín, A.
_96408
245 1 0 _aEducación en tecnologia 1
260 _aSta Fe de Bogotá McGraw Hill 1997
300 _a173 p.
505 _aEstructura y Rampas - historia - construcción Estatua de la Libertad Rascacielos - - Tensores Soportes y vigas Movimiento con operadores mecánicos - transformación palanca Balancín - funciones Polea - construcción Biela Collage tecnológico Madera - herramientas Movimiento con operadores electricos Circuito electrico - tipos pila o generador motor electrico - - Estructuras desmontables - tipos Máquinas sencillas Educación en tecnología 1
650 1 4 _aeducación EN TECNOLOGIA
650 1 4 _aTECNOLOGIA
942 _2ddc
_cBK
999 _c11495
_d11495